000 00979nam a22003137a 4500
003 CHAP
005 20220329134742.0
008 971013s1942 r 00010 d
010 _a25279
011 _a26251
035 _a30351
040 _cCHAP
082 _a634.9282
_bB78
100 0 0 _aBruce, Donald.
_915727
245 _aForest mensuration
250 _a2 ed.
260 _aNew York :
_bMcGraw-Hill,
_c1942
300 _a425 p.
590 _aBATCH-UPD
_b10
_c20130110
_lUCH01
_h0329
590 _aBATCH-UPD
_b10
_c20130110
_lUCH01
_h1743
590 _aCONVERSION
_b10
_c20130109
_lUCH01
_h1315
650 1 4 _aBosques
_xInventarios.
_914240
700 0 _aSchumacher, Francis X.
_9103240
901 _aBK
942 _cLIBRO
949 _a634.9282 B78
_bBC
_cLIBRO
_d33724000247052
_eLIBRO
_fc.3
_h23681
_i30351
_si
949 _a634.9282 B78
_bBC
_cLIBRO
_d33724000247060
_eLIBRO
_h23679
_i30351
_si
949 _a634.9282 B78
_bBC
_cLIBRO
_d33724000247078
_eLIBRO
_fc.2
_h23680
_i30351
_si
999 _c25279
_d25279